00338 a2200121 4500001001000000005001700010008004100027245002400068100002900092700002100121773005700142999001700199ART_4202620260410161815.0260409a 10aLa escuela judicial1 aClérico, María Laura1 aCardinaux, Nancy0 tAcademiag- Año 2, Nº 3 (mar./jun. 2004)wREV4314 c21816d21816